[Event "13. Online Aktivschach WM"]
[Site "Schachcomputer.info"]
[Date "2016.12.18"]
[Round "1.1"]
[White "Reflection London"]
[Black "Mephisto Berlin Pro"]
[Result "1-0"]
[WhiteElo "2450"]
[BlackElo "2274"]
[PlyCount "67"]
[EventDate "2016.??.??"]

1. e4 c6 2. d4 d5 3. Nc3 dxe4 4. Nxe4 Bf5 5. Ng3 Bg6 6. N1e2 e6 7. h4 h6 8. Nf4
Bh7 9. Bc4 Bd6 10. Ngh5 Bf8 11. c3 Nd7 12. Qe2 Bf5 13. g4 Bh7 14. Bxe6 Qe7 15.
Bxd7+ Kxd7 16. Be3 Kc7 17. O-O-O Qe4 18. Nd3 g5 19. hxg5 hxg5 20. Ng3 Qd5 21.
Nf5 f6 22. f4 Qxa2 23. fxg5 Qf7 24. d5 a6 25. d6+ Bxd6 26. Nxd6 Qd7 27. Bf4 b6
28. Nc5 bxc5 29. Nc4+ Qd6 30. Bxd6+ Kb7 31. Na5+ Ka7 32. Bxc5+ Kb8 33. Qe8+ Kc7
34. Rd7# {1-0 Matt} 1-0

[Event "13. Online Aktivschach WM"]
[Site "Schachcomputer.info"]
[Date "2016.12.20"]
[Round "1.2"]
[White "Millennium ChessGenius 82 MHz"]
[Black "Resurrection Ruffian"]
[Result "0-1"]
[WhiteElo "2250"]
[BlackElo "2370"]
[PlyCount "144"]
[EventDate "2016.??.??"]

1. d4 Nf6 2. c4 e6 3. Nc3 Bb4 4. e3 O-O 5. Nf3 c5 6. Bd3 d5 7. O-O dxc4 8. Bxc4
Nc6 9. Bd3 cxd4 10. exd4 Re8 11. Ne2 Bd6 12. Bg5 Bd7 13. Qd2 Nb4 14. Ne5 Nxd3
15. Qxd3 Ba4 16. Qf3 h6 17. Bh4 Bb5 18. Rfe1 Ba6 19. Nc3 Be7 20. Ne4 Rc8 21.
Red1 Rc2 22. Qb3 Rc7 23. Nc5 Qd5 24. Nxa6 bxa6 25. Qxd5 Nxd5 26. Bxe7 Nxe7 27.
Rac1 Rec8 28. Rxc7 Rxc7 29. a3 Rc2 30. b4 Nd5 31. h4 Kf8 32. g3 Ke7 33. Rd3 f6
34. Ng6+ Kd6 35. Kf1 Nc3 36. Nf4 g5 37. Nh5 f5 38. hxg5 hxg5 39. f4 g4 40. d5
Nxd5 41. Nf6 Rc3 42. Ne8+ Kc6 43. Rxc3+ Nxc3 44. Nf6 Nb5 45. Ke2 Nxa3 46. Kd3
Kb5 47. Ne8 Kxb4 48. Nc7 Nb5 49. Nxa6+ Ka5 50. Nc5 Nd6 51. Kd4 Kb5 52. Nxe6 Ne4
53. Kd5 Nxg3 54. Nd4+ Kb4 55. Nc6+ Kc3 56. Nd4 a5 57. Nb5+ Kd3 58. Nd4 Ne2 59.
Nxf5 a4 60. Ng3 Nxg3 61. Ke5 a3 62. f5 Nxf5 63. Kxf5 g3 64. Ke5 a2 65. Kf4 a1=Q
66. Kf3 g2 67. Kxg2 Ke3 68. Kg3 Ke4 69. Kf2 Qg7 70. Ke1 Qg2 71. Kd1 Kd3 72. Kc1
Qc2# {0-1 Matt

[Event "13. Online Aktivschach WM"]
[Site "Schachcomputer.info"]
[Date "2017.01.10"]
[Round "1.3"]
[White "Tasc CM 32 MHz Gideon 3.1"]
[Black "Mephisto Atlanta"]
[Result "1-0"]
[WhiteElo "2379"]
[BlackElo "2270"]
[PlyCount "88"]
[EventDate "2016.??.??"]

1. e4 d6 2. d4 Nf6 3. Nc3 g6 4. f4 Bg7 5. Nf3 O-O 6. Bd3 c6 7. O-O d5 8. e5 Ne8
9. a4 Bg4 10. h3 Bxf3 11. Qxf3 Na6 12. Bxa6 bxa6 13. f5 Qb6 14. Qf2 Rc8 15. a5
Qd8 16. b4 Rb8 17. Rb1 Qd7 18. g4 gxf5 19. gxf5 Kh8 20. Na4 Qc8 21. Kh1 Rg8 22.
Rg1 f6 23. e6 Nd6 24. Bf4 Ne4 25. Qe2 Rb5 26. c3 Qd8 27. Rg2 Nd6 28. Qd3 Qe8
29. Nc5 Ne4 30. Rbg1 Qh5 31. Qe3 Rxc5 32. bxc5 h6 33. c4 Kh7 34. cxd5 cxd5 35.
Rg6 Ng5 36. Qg3 Qxh3+ 37. Qxh3 Nxh3 38. Rxg7+ Rxg7 39. Rxg7+ Kxg7 40. Be3 Ng5
41. Bxg5 fxg5 42. c6 Kf6 43. c7 h5 44. c8=Q Kxf5 {1-0 Aufgegeben} 1-0

[Event "13. Online Aktivschach WM"]
[Site "Schachcomputer.info"]
[Date "2016.12.30"]
[Round "1.5"]
[White "Tasc R30 V2.5"]
[Black "Saitek Sparc"]
[Result "1-0"]
[WhiteElo "2371"]
[BlackElo "2204"]
[PlyCount "97"]
[EventDate "2016.??.??"]

1. Nf3 Nf6 2. d4 e6 3. c4 b6 4. g3 Bb7 5. Bg2 Be7 6. O-O O-O 7. Nc3 Ne4 8. Qc2
Nxc3 9. Qxc3 f5 10. b3 Bf6 11. Bb2 d6 12. Rad1 a5 13. Ne1 Bxg2 14. Nxg2 Nc6 15.
Qf3 Qd7 16. a3 Ne7 17. Rfe1 d5 18. Nf4 a4 19. Qe3 axb3 20. Qxb3 dxc4 21. Qxc4
Nd5 22. e3 Ra4 23. Qb3 Rfa8 24. Nd3 Kh8 25. f3 Qd6 26. Qc2 Bg5 27. Ne5 Bxe3+
28. Rxe3 Nxe3 29. Qe2 Qd5 30. Qxe3 c5 31. Rd2 R4a7 32. dxc5 Qxc5 33. Kf2 Qb5
34. Bd4 Rb7 35. f4 Qd5 36. Bxb6 Qh1 37. Nf3 Rbb8 38. Rd7 Rc8 39. Bc7 Rg8 40.
Be5 Rac8 41. Qd2 h6 42. Qb2 Kh7 43. Bxg7 Rgd8 44. Rxd8 Rxd8 45. Qb7 Rd2+ 46.
Ke3 Rd3+ 47. Kxd3 Qd1+ 48. Nd2 Kg6 49. Qe7 {1-0 Aufgegeben} 1-0

[Event "13. Online Aktivschach WM"]
[Site "Schachcomputer.info"]
[Date "2016.12.20"]
[Round "1.6"]
[White "Mephisto Mystery 40 MHz"]
[Black "Tasc CM 32 MHz Gideon 3.0"]
[Result "0-1"]
[WhiteElo "2183"]
[BlackElo "2365"]
[PlyCount "101"]
[EventDate "2016.??.??"]

1. e4 e5 2. Nf3 Nf6 3. Bc4 Nc6 4. Ng5 d5 5. exd5 Na5 6. Bb5+ c6 7. dxc6 bxc6 8.
Be2 h6 9. Nf3 e4 10. Ne5 Bd6 11. f4 exf3 12. Nxf3 O-O 13. O-O Qc7 14. b3 Re8
15. Nc3 Rb8 16. Kh1 Bg4 17. h3 Bh5 18. Bd3 Nb7 19. g4 Bg6 20. Bxg6 fxg6 21. Bb2
Nc5 22. d3 Ne6 23. Nd2 Ng5 24. Kg2 Qd7 25. Nc4 Nd5 26. Nxd5 cxd5 27. Nxd6 Qxd6
28. Bc1 Ne6 29. c3 Rbc8 30. Bd2 Rf8 31. d4 Rxf1 32. Qxf1 Rf8 33. Qd3 g5 34. Rd1
Qa3 35. Qe2 Re8 36. Qf3 Qxa2 37. Qxd5 Qc2 38. Qc6 Nf4+ 39. Kg3 Re6 40. Qa8+ Kh7
41. Re1 Ne2+ 42. Rxe2 Rxe2 43. Qf3 Rxd2 44. Qf5+ Qxf5 45. gxf5 Rd3+ 46. Kg2 a5
47. c4 Rxb3 48. c5 a4 49. c6 a3 50. c7 Rc3 51. d5 {0-1 Aufgegeben} 0-1

[Event "13. Online Aktivschach WM"]
[Site "Schachcomputer.info"]
[Date "2016.12.10"]
[Round "1.7"]
[White "Tasc CM 14 MHz King 2.54"]
[Black "Millennium ChessGenius"]
[Result "0-1"]
[WhiteElo "2341"]
[BlackElo "2218"]
[PlyCount "162"]
[EventDate "2016.??.??"]

1. d4 c6 2. e4 d5 3. Nc3 dxe4 4. Nxe4 Bf5 5. Ng3 Bg6 6. h4 h6 7. h5 Bh7 8. Nf3
Nd7 9. Bd3 Bxd3 10. Qxd3 e6 11. Bd2 Ngf6 12. O-O-O Bd6 13. Kb1 Bxg3 14. fxg3
O-O 15. Rde1 Qb6 16. Bf4 a5 17. Bd6 Rfc8 18. Ne5 c5 19. dxc5 Nxc5 20. Qd4 Ra6
21. Nc4 Qc6 22. Be7 Nce4 23. Bxf6 Nxf6 24. Ne3 Qc7 25. Qf4 Rb6 26. Qxc7 Rxc7
27. Rd1 Rc3 28. Rd8+ Kh7 29. Rd3 Rxd3 30. cxd3 Rd6 31. Kc2 Kg8 32. Rh4 Nd5 33.
Nxd5 Rxd5 34. Kd2 b5 35. Ke3 Rc5 36. Kd2 Kf8 37. Rh3 Rg5 38. Ke3 Ke7 39. a3 a4
40. Ke2 Kf6 41. Kf3 Rd5 42. Ke3 Kg5 43. Rh4 e5 44. Rb4 f5 45. Rh4 Rc5 46. Kd2
f4 47. Rh3 Kg4 48. gxf4 exf4 49. d4 Rxh5 50. Rxh5 Kxh5 51. Kd3 f3 52. gxf3 Kg6
53. Ke4 Kf6 54. Kd5 Ke7 55. f4 h5 56. f5 h4 57. Ke4 h3 58. Kf3 Kf6 59. Kg3 Kxf5
60. Kxh3 Ke4 61. Kg4 Kxd4 62. Kf5 Kd3 63. Ke5 Kc2 64. Kd4 Kxb2 65. Kc5 Kxa3 66.
Kxb5 Kb3 67. Kc5 a3 68. Kd4 a2 69. Ke4 a1=Q 70. Kf4 Kc4 71. Kf3 g5 72. Kg4 Qg1+
73. Kf5 g4 74. Kf4 g3 75. Ke4 Qd4+ 76. Kf3 Qf2+ 77. Ke4 g2 78. Ke5 Qd4+ 79. Ke6
g1=Q 80. Ke7 Qgg7+ 81. Ke8 Qdd7# 0-1

[Event "13. Online Aktivschach WM"]
[Site "Schachcomputer.info"]
[Date "2016.12.27"]
[Round "1.8"]
[White "Novag Star Diamond"]
[Black "Tasc CM 32 MHz King 2.2"]
[Result "0-1"]
[WhiteElo "2186"]
[BlackElo "2365"]
[PlyCount "75"]
[EventDate "2016.??.??"]

1. d4 d5 2. c4 c6 3. Nc3 Nf6 4. e3 e6 5. Nf3 Nbd7 6. Bd3 Be7 7. O-O O-O 8. e4
dxe4 9. Nxe4 b6 10. b3 c5 11. Bb2 Bb7 12. Qe2 cxd4 13. Nxd4 Nc5 14. Nxc5 Bxc5
15. Rad1 Qc7 16. Nf3 Rfd8 17. Bxf6 gxf6 18. Be4 Rac8 19. Bxb7 Qxb7 20. a4 Qe7
21. Kh1 Qc7 22. Nd2 Bb4 23. Ne4 f5 24. Nf6+ Kg7 25. Qb2 Kg6 26. h4 Qf4 27. h5+
Kh6 28. Kg1 Bd6 29. g3 Qg5 30. Kg2 Be7 31. Nd7 f4 32. Qe5 Rc5 33. Qc3 Rf5 34.
Rd3 f3+ 35. Kg1 Qxh5 36. Qd2+ Bg5 37. Qc3 Rxd7 38. Rxd7 0-1

[Event "13. Online Aktivschach WM"]
[Site "Schachcomputer.info"]
[Date "2016.12.18"]
[Round "1.9"]
[White "Mephisto Genius 68030"]
[Black "Mephisto Milano Pro"]
[Result "1-0"]
[WhiteElo "2338"]
[BlackElo "2163"]
[PlyCount "129"]
[EventDate "2016.??.??"]

1. c4 c5 2. Nc3 Nc6 3. g3 Nf6 4. Bg2 g6 5. Nf3 Bg7 6. d4 cxd4 7. Nxd4 O-O 8.
O-O Nxd4 9. Qxd4 d6 10. Bg5 Ng4 11. Qe4 Bxc3 12. bxc3 f6 13. Bc1 Rf7 14. Qd5 e6
15. Qd4 Ne5 16. Ba3 Rd7 17. Rfd1 Nf7 18. Rab1 Kg7 19. Rb5 Qc7 20. e3 h6 21. Bb4
Qd8 22. a4 Qc7 23. Ba5 Qb8 24. Rbb1 b6 25. Qe4 Rb7 26. Bb4 a5 27. Ba3 Ra6 28.
Qc2 Rd7 29. c5 dxc5 30. Rxd7 Bxd7 31. Bxc5 Qa7 32. Qa2 bxc5 33. Rb7 Qa8 34.
Rxd7 Qc8 35. Rb7 Rd6 36. Qb3 c4 37. Qb5 Rd3 38. Bc6 Rd1+ 39. Kg2 Rb1 40. Qxb1
Qxc6+ 41. e4 Qxa4 42. Qb6 Qe8 43. Qc7 f5 44. Qxc4 fxe4 45. Qxe4 Qc8 46. Ra7
Qxc3 47. Qxe6 Qf6 48. Qxf6+ Kxf6 49. Rxa5 Ne5 50. f4 Nc4 51. Rc5 Nd6 52. g4 Ke7
53. h4 Ke6 54. h5 gxh5 55. Rxh5 Nf7 56. Ra5 Nd6 57. Ra6 Kd5 58. Kf3 Kc5 59. f5
Kd5 60. Kf4 Nf7 61. Re6 Kc5 62. Rf6 Nd6 63. Rxh6 Kd5 64. Rxd6+ Kxd6 65. Kg5 {
1-0 Aufgegeben} 1-0

[Event "13. Online Aktivschach WM"]
[Site "Schachcomputer.info"]
[Date "2016.12.13"]
[Round "1.10"]
[White "Saitek Barracuda 40 MHz"]
[Black "Mephisto Atlanta 36 MHz"]
[Result "0-1"]
[WhiteElo "2150"]
[BlackElo "2300"]
[PlyCount "116"]
[EventDate "2016.??.??"]

1. e4 c6 2. d4 d5 3. exd5 cxd5 4. c4 Nf6 5. Nc3 e6 6. Nf3 Be7 7. cxd5 Nxd5 8.
Bd3 Nc6 9. O-O O-O 10. Re1 Bf6 11. Be4 Nce7 12. Bg5 Bxg5 13. Nxg5 Nf6 14. Rc1
Nxe4 15. Ngxe4 b6 16. Qf3 Ba6 17. Red1 Rc8 18. b3 Qd7 19. Qg3 f5 20. Ng5 Nd5
21. Nxd5 exd5 22. Nf3 Rfe8 23. Ne5 Qd6 24. Re1 Bb7 25. Qf3 Rxc1 26. Rxc1 g6 27.
g4 Rc8 28. Rxc8+ Bxc8 29. Qf4 a6 30. h3 b5 31. Kf1 Qf8 32. Qf3 Be6 33. Qc3 fxg4
34. hxg4 Qd6 35. Qc5 Qxc5 36. dxc5 Kg7 37. g5 Kf8 38. c6 Ke7 39. Ke2 Kd6 40. f4
b4 41. Kd1 Bf5 42. Ke2 Kc7 43. Ke3 Bb1 44. Kd4 Bxa2 45. Kc5 Bxb3 46. Kxb4 Bc4
47. Kc5 a5 48. Nxc4 dxc4 49. Kd4 Kxc6 50. Kxc4 Kb6 51. Kb3 Kb5 52. Ka3 Kc6 53.
Ka4 Kd5 54. Kxa5 Ke4 55. Kb4 Kxf4 56. Kc5 Kxg5 57. Kd4 Kf4 58. Kc3 Ke3 {
0-1 Aufgegeben} 0-1

[Event "13. Online Aktivschach WM"]
[Site "Schachcomputer.info"]
[Date "2016.12.21"]
[Round "1.11"]
[White "Millennium ChessGenius Pro"]
[Black "Fidelity Excel Mach IV"]
[Result "0-1"]
[WhiteElo "2307"]
[BlackElo "2123"]
[PlyCount "92"]
[EventDate "2016.??.??"]

1. c4 e5 2. Nc3 Nf6 3. g3 g6 4. Bg2 Bg7 5. d3 O-O 6. e4 Nc6 7. Nge2 d6 8. O-O
Bg4 9. Be3 Qd7 10. a3 Bh3 11. Nd5 Nxd5 12. cxd5 Bxg2 13. Kxg2 Nd4 14. Bxd4 exd4
15. Rc1 Rae8 16. Qb3 c5 17. dxc6 bxc6 18. Qa4 d5 19. f3 f5 20. Rxc6 fxe4 21.
dxe4 dxe4 22. fxe4 Rxf1 23. Kxf1 d3 24. Qc4+ Kh8 25. Nc3 d2 26. Nd1 Qg4 27. Qc2
Qh3+ 28. Ke2 Qxh2+ 29. Kd3 Qxg3+ 30. Kc4 a6 31. Rc5 Rd8 32. Kb4 Bf8 33. Ka5
Bxc5 34. Qxc5 h5 35. a4 h4 36. Qe7 Rd6 37. b4 Qf4 38. e5 Rd5+ 39. Kxa6 h3 40.
Qe8+ Kh7 41. Qe7+ Kh6 42. Qf6 Qc4+ 43. Kb6 Qxb4+ 44. Kc7 Rc5+ 45. Qc6 Rxc6+ 46.
Kxc6 Qxa4+ {0-1 Aufgegeben} 0-1

[Event "13. Online Aktivschach WM"]
[Site "Schachcomputer.info"]
[Date "2017.01.09"]
[Round "2.1"]
[White "Tasc CM 32 MHz Gideon 3.0"]
[Black "Reflection London"]
[Result "1-0"]
[WhiteElo "2365"]
[BlackElo "2450"]
[PlyCount "63"]
[EventDate "2016.??.??"]

1. Nf3 d5 2. d4 Nf6 3. c4 c6 4. Nc3 dxc4 5. a4 Bg4 6. Ne5 Bh5 7. f3 Nfd7 8.
Nxc4 e5 9. e4 Qh4+ 10. g3 Qf6 11. dxe5 Nxe5 12. Nxe5 Qxe5 13. g4 Bg6 14. f4 Qf6
15. f5 Bb4 16. fxg6 hxg6 17. Qd2 Qf3 18. Rg1 Rxh2 19. Qxh2 Bxc3+ 20. bxc3 Qxc3+
21. Kf2 Qxa1 22. Qh8+ Kd7 23. Be2 Qd4+ 24. Kg2 Qxe4+ 25. Bf3 Qc2+ 26. Kh1 Kc7
27. Bf4+ Kb6 28. Qd8+ Ka6 29. Rc1 Nd7 30. Qxd7 Rh8+ 31. Kg1 Qb2 32. Qd3+ 1-0

[Event "13. Online Aktivschach WM"]
[Site "Schachcomputer.info"]
[Date "2017.01.10"]
[Round "2.2"]
[White "Resurrection Ruffian"]
[Black "Tasc CM 32 MHz King 2.2"]
[Result "1/2-1/2"]
[WhiteElo "2370"]
[BlackElo "2365"]
[PlyCount "106"]
[EventDate "2016.??.??"]

1. e4 c5 2. Nf3 Nc6 3. d4 cxd4 4. Nxd4 Nf6 5. Nc3 e6 6. Ndb5 d6 7. Bf4 e5 8.
Bg5 a6 9. Na3 b5 10. Nd5 Be7 11. Bxf6 Bxf6 12. c3 O-O 13. Nc2 Bg5 14. a4 bxa4
15. Rxa4 a5 16. Bc4 Bd7 17. O-O Nb4 18. Ra3 Nxd5 19. Bxd5 Rb8 20. b4 axb4 21.
cxb4 Qc7 22. Re1 Be6 23. Ra2 Rfc8 24. Bxe6 fxe6 25. Qg4 Qe7 26. Rea1 d5 27.
exd5 exd5 28. Ra7 Qf6 29. Rb7 Rf8 30. Rxb8 Rxb8 31. b5 Rf8 32. Qe2 Qb6 33. Ra6
Qb7 34. Qxe5 Qxb5 35. Rd6 Re8 36. Qxd5+ Qxd5 37. Rxd5 Re2 38. Rxg5 Rxc2 39. g4
Kf7 40. Rb5 Kf6 41. Kg2 Rc4 42. Rf5+ Ke6 43. Kg3 g6 44. Rb5 Rc7 45. h4 Kd6 46.
h5 Rg7 47. f4 Rg8 48. hxg6 hxg6 49. Rg5 Ke6 50. Rxg6+ Rxg6 51. f5+ Kf7 52.
fxg6+ Kxg6 53. Kf4 Kf6 {R.} 1/2-1/2

[Event "13. Online Aktivschach WM"]
[Site "Schachcomputer.info"]
[Date "2017.01.05"]
[Round "2.3"]
[White "Mephisto Atlanta 36 MHz"]
[Black "Tasc CM 32 MHz Gideon 3.1"]
[Result "0-1"]
[WhiteElo "2300"]
[BlackElo "2379"]
[PlyCount "98"]
[EventDate "2016.??.??"]

1. e4 e5 2. Nf3 f5 3. Nxe5 Qf6 4. Nc4 fxe4 5. Nc3 Qf7 6. d4 Bb4 7. Be2 d6 8.
O-O Bxc3 9. bxc3 Nf6 10. Ne3 O-O 11. Ba3 Qe7 12. Rb1 b6 13. Bc4+ Kh8 14. Bb3
Bb7 15. c4 c5 16. c3 g6 17. Bc2 Nbd7 18. Re1 Rae8 19. Qe2 h6 20. Rbd1 Qf7 21.
Qd2 Re6 22. Nd5 Ng4 23. Re2 Bxd5 24. cxd5 Rf6 25. Bxe4 Nxf2 26. Qxh6+ Kg8 27.
Rxf2 Rxf2 28. Qxg6+ Qxg6 29. Bxg6 Rxa2 30. Bc1 Rff2 31. Be4 cxd4 32. cxd4 b5
33. Bf3 Nb6 34. Bf4 Nc4 35. Rb1 Rab2 36. Rxb2 Rxb2 37. Kf1 a5 38. Be2 Rb3 39.
Bxc4 bxc4 40. Bxd6 a4 41. Ke2 a3 42. Bxa3 Rxa3 43. Kd2 Kf7 44. h4 Rd3+ 45. Kc2
Rxd4 46. g4 Rxg4 47. h5 Ke7 48. h6 Kd6 49. h7 Rh4 0-1

[Event "13. Online Aktivschach WM"]
[Site "Schachcomputer.info"]
[Date "2017.01.08"]
[Round "2.5"]
[White "Millennium ChessGenius"]
[Black "Tasc R30 V2.5"]
[Result "1-0"]
[WhiteElo "2218"]
[BlackElo "2371"]
[PlyCount "117"]
[EventDate "2016.??.??"]

1. e4 c5 2. Nf3 e6 3. d4 cxd4 4. Nxd4 Nf6 5. Nc3 d6 6. Be2 Nc6 7. O-O Be7 8.
Be3 O-O 9. f4 Bd7 10. Qd2 e5 11. Ndb5 exf4 12. Rxf4 Ne5 13. Nxa7 Nfg4 14. Rff1
Nxe3 15. Qxe3 Bg5 16. Qd4 Qc7 17. Nab5 Qc5 18. Kh1 Rfc8 19. Rad1 Be3 20. Qxc5
Rxc5 21. Nxd6 Be6 22. Nxb7 Rcc8 23. Nd6 Rc7 24. a4 Bc5 25. Ndb5 Rcc8 26. Ra1
Be3 27. a5 Rc6 28. Rfd1 Bg4 29. Rd5 Bxe2 30. Rxe5 f6 31. Rd5 Bc4 32. Rf5 Kf7
33. Na3 Bd2 34. Nxc4 Rxc4 35. Rf3 Bxc3 36. Rxc3 Rxc3 37. bxc3 Ra6 38. g4 Ke6
39. Kg2 Kd6 40. h4 Kc5 41. g5 fxg5 42. hxg5 Kc4 43. Ra3 Kc5 44. Kf3 h5 45. gxh6
gxh6 46. Kg4 Kd6 47. Kf5 Kd7 48. c4 Kd6 49. e5+ Ke7 50. Ke4 Ke8 51. Kd5 Kd7 52.
c5 Ke7 53. c6 h5 54. e6 h4 55. c7 Ra8 56. Kc6 Rg8 57. a6 h3 58. Rxh3 Kxe6 59.
Kb7 1-0

[Event "13. Online Aktivschach WM"]
[Site "Schachcomputer.info"]
[Date "2017.01.08"]
[Round "2.6"]
[White "Fidelity Excel Mach IV"]
[Black "Tasc CM 14 MHz King 2.54"]
[Result "1/2-1/2"]
[WhiteElo "2123"]
[BlackElo "2341"]
[PlyCount "167"]
[EventDate "2016.??.??"]

1. e4 e5 2. Nf3 Nf6 3. Bc4 Nc6 4. d4 exd4 5. O-O Nxe4 6. Re1 d5 7. Bxd5 Qxd5 8.
Nc3 Qa5 9. Nxe4 Be6 10. Bd2 Qd5 11. Bg5 Bd6 12. c3 h6 13. Bh4 d3 14. Nxd6+ cxd6
15. Re3 O-O 16. Rxd3 Qb5 17. a4 Qb6 18. Rxd6 Qxb2 19. Rb1 Qxc3 20. Rxb7 Rab8
21. Rc7 Bb3 22. Qe1 Qxe1+ 23. Nxe1 Rfe8 24. f4 Bxa4 25. Rcxc6 Bxc6 26. Rxc6 Rb1
27. Kf1 a5 28. Ra6 Ra1 29. Ra7 Re4 30. Ra8+ Kh7 31. Bg3 Kg6 32. Ra6+ f6 33. Ra7
a4 34. Ra5 f5 35. Ra6+ Kh5 36. Ra7 g6 37. Ra6 Rb1 38. Ra5 Rc1 39. Ra7 g5 40.
fxg5 hxg5 41. Bf2 Kg6 42. g3 g4 43. Kg2 Rc3 44. Kf1 Kf6 45. Ra6+ Kg5 46. Bb6
Rc1 47. Ba5 Rd1 48. Kf2 f4 49. gxf4+ Kxf4 50. Bc3 Kg5 51. Ra5+ Kg6 52. Ra7 Rc1
53. Ra6+ Kf7 54. Bd2 Rc8 55. Kf1 Rce8 56. Ng2 Rd4 57. Bc3 Rc4 58. Bd2 Rc2 59.
Bb4 Ree2 60. Ne1 Rf2+ 61. Kg1 Ra2 62. Nd3 Rfc2 63. Ne5+ Kg8 64. Ra8+ Kh7 65.
Ra7+ Kh8 66. Ra8+ Kg7 67. Ra7+ Kh6 68. Nxg4+ Kh5 69. Ne3 Ra1+ 70. Nf1 Rcc1 71.
Rf7 a3 72. Bd2 Rd1 73. Bc3 Rac1 74. Be5 Rc5 75. Rf5+ Kg6 76. Rf6+ Kg5 77. h4+
Kxh4 78. Bg3+ Kh5 79. Rf2 Rcc1 80. Bb8 a2 81. Rxa2 Rxf1+ 82. Kg2 Kg4 83. Ra4+
Kf5 84. Ra5+ {R.} 1/2-1/2

[Event "13. Online Aktivschach WM"]
[Site "Schachcomputer.info"]
[Date "2017.01.05"]
[Round "2.7"]
[White "Saitek Sparc"]
[Black "Millennium ChessGenius Pro"]
[Result "0-1"]
[WhiteElo "2204"]
[BlackElo "2307"]
[PlyCount "99"]
[EventDate "2016.??.??"]

1. d4 Nf6 2. c4 g6 3. Nc3 Bg7 4. e4 O-O 5. f4 d6 6. Nf3 c5 7. d5 e6 8. Be2 exd5
9. cxd5 Bg4 10. O-O Bxf3 11. Bxf3 Nbd7 12. Kh1 {* BE CGP} Re8 {*BE Sparcy} 13.
Be3 a6 14. Qc2 b5 15. a3 Nb6 16. Bf2 Nfd7 17. Bg4 Rb8 18. Rfe1 Qf6 19. Bg3 Qe7
20. Qb3 c4 21. Qa2 Nc5 22. Bf3 Nd3 23. Re3 Bd4 24. Rxd3 cxd3 25. Rd1 Qc7 26.
Rxd3 Bg7 27. Qb3 Nd7 28. Rd1 Nc5 29. Qc2 Na4 30. Be1 Bxc3 31. bxc3 Qc5 32. Qb3
Rbc8 33. Qb4 Qxb4 34. axb4 Nxc3 35. Bxc3 Rxc3 36. Kg1 Rb3 37. Rd4 Kg7 38. Kf2
Rb2+ 39. Kg3 f6 40. Bg4 Re7 41. Bf3 Rc7 42. Kg4 Rc4 43. Rxc4 bxc4 44. e5 fxe5
45. fxe5 c3 46. exd6 c2 47. d7 Rxb4+ 48. Kh3 Rb8 49. Bg4 c1=Q 50. Be2 0-1

[Event "13. Online Aktivschach WM"]
[Site "Schachcomputer.info"]
[Date "2017.01.05"]
[Round "2.8"]
[White "Mephisto Berlin Pro"]
[Black "Mephisto Mystery 40 MHz"]
[Result "1-0"]
[WhiteElo "2274"]
[BlackElo "2183"]
[PlyCount "102"]
[EventDate "2016.??.??"]

1. d4 d5 2. c4 e6 3. Nc3 c5 4. cxd5 exd5 5. Nf3 Nc6 6. Bg5 f6 {erster
berechneter Zug} 7. Bf4 g5 8. Bg3 {erster berechneter Zug} g4 9. Nd2 Nxd4 10.
e3 Nc6 11. Bb5 d4 12. Nce4 Be6 13. Bxc6+ bxc6 14. Qc2 Qd5 15. O-O {+0,30} f5 $2
{+0,3} 16. Ng5 Bd7 17. exd4 f4 $2 {-0,5} 18. Bxf4 cxd4 19. Be5 {+2,39} d3 {-1,9
} 20. Qc3 {+2,84} Be7 {-2,0} 21. Nge4 Bb4 22. Qd4 Qxd4 23. Bxd4 Bxd2 24. Nxd2
Nf6 25. Bxf6 Rf8 {-3,0} 26. Rfe1+ {+4,60} Kf7 27. Re7+ Kxf6 28. Rxd7 Rae8 29.
Rxd3 Re2 30. Rc1 Kg7 31. f3 gxf3 32. gxf3 Rf6 33. h4 Rg6+ 34. Kf1 Rgg2 35. Rd7+
Kf8 36. Ne4 Rxb2 37. Rxc6 Rgc2 38. Rxc2 Rxc2 39. Rxa7 h5 40. Kg1 {+5,84} Rb2 {
-5,7} 41. a4 Rc2 42. Rh7 Ra2 43. Nc5 Ke8 44. Rxh5 Ke7 45. Rg5 Kd6 46. h5 Rc2
47. h6 Rc1+ 48. Kg2 Rc2+ 49. Kg3 Rc1 50. Ne4+ {+10,8} Kc6 51. Kh2 {+13,7} Kb6 {
-9,9 und somit Aufgabe!} 1-0

[Event "13. Online Aktivschach WM"]
[Site "Schachcomputer.info"]
[Date "2017.01.07"]
[Round "2.9"]
[White "Novag Star Diamond"]
[Black "Millennium ChessGenius 82 MHz"]
[Result "1-0"]
[WhiteElo "2186"]
[BlackElo "2250"]
[PlyCount "157"]
[EventDate "2016.??.??"]

1. c4 e5 2. Nc3 Nf6 3. Nf3 Nc6 4. g3 d5 5. cxd5 Nxd5 6. Bg2 Nb6 7. O-O Be7 8.
d3 O-O 9. a3 Re8 10. b4 Be6 11. Bd2 f6 12. Qc2 Qd7 13. Ne4 Qd5 14. Rfb1 Rab8
15. b5 Nd8 16. Bb4 Bg4 17. h3 Bh5 18. Nh4 Qd7 19. Bxe7 Rxe7 20. Nc5 Qc8 21. Rb4
Re8 22. Be4 Bf7 23. Nf5 Ne6 24. Rc1 Ng5 25. h4 Nxe4 26. dxe4 Bg6 27. Rd1 Ra8
28. a4 Bxf5 29. exf5 c6 30. a5 Nd5 31. bxc6 bxc6 32. Rb2 Rb8 33. e4 Rxb2 34.
Qxb2 Nc7 35. Qb3+ Kh8 36. Rd7 Rf8 37. Qd3 Nb5 38. h5 h6 39. Ne6 Rg8 40. Nxg7
Nd4 41. Qe3 Nf3+ 42. Kg2 Ng5 43. Qd2 Qa6 44. Ne6 Qc4 45. f3 a6 46. Nxg5 Rxg5
47. Ra7 Qg8 48. g4 c5 49. Rxa6 Qf8 50. Qd6 Qxd6 51. Rxd6 Rg7 52. Rxf6 Kh7 53.
Rc6 c4 54. Rxc4 Ra7 55. Rc5 Re7 56. Rb5 Ra7 57. Rxe5 Kg7 58. f4 Rc7 59. Re6
Rc2+ 60. Kg3 Rc3+ 61. Kf2 Rc2+ 62. Ke3 Ra2 63. a6 Ra3+ 64. Kd4 Ra4+ 65. Kc5 Ra2
66. Kb6 Rb2+ 67. Kc7 Ra2 68. Kb7 Rd2 69. a7 Rd7+ 70. Kb6 Rd8 71. Re7+ Kf6 72.
Rc7 Rd6+ 73. Rc6 Rxc6+ 74. Kxc6 Kg7 75. a8=Q Kh7 76. Qd8 Kg7 77. f6+ Kf7 78.
Qe7+ Kg8 79. Qg7# 1-0

[Event "13. Online Aktivschach WM"]
[Site "Schachcomputer.info"]
[Date "2017.01.05"]
[Round "2.10"]
[White "Mephisto Atlanta"]
[Black "Saitek Barracuda 40 MHz"]
[Result "1-0"]
[WhiteElo "2270"]
[BlackElo "2150"]
[PlyCount "111"]
[EventDate "2016.??.??"]

1. c4 e5 2. Nc3 Nf6 3. g3 d5 4. cxd5 Nxd5 5. Bg2 Nb6 6. d3 Bb4 7. Nf3 Nc6 8. a3
Be7 9. O-O Bg4 10. b4 Rb8 11. b5 Bxf3 12. Bxf3 Nd4 13. Bg2 O-O 14. e3 Ne6 15.
a4 a6 16. Bb2 Re8 17. Rb1 Bb4 18. bxa6 bxa6 19. Na2 Bd6 20. Qc2 Nd7 21. Nc3 Nf6
22. Ne4 Nxe4 23. Bxe4 Qe7 24. d4 exd4 25. Bxh7+ Kh8 26. exd4 g6 27. Bxg6 fxg6
28. Qxg6 Qh7 29. d5+ Ng7 30. Qg4 Kg8 31. Bxg7 Qxg7 32. Qc4 Rxb1 33. Rxb1 Qg6
34. Rf1 Qe4 35. Qxa6 Qxd5 36. Rc1 c5 37. h4 Kf7 38. Qf1 Ra8 39. Rd1 Qe6 40. Qd3
Rd8 41. a5 c4 $2 {Besser ist 41. ... Bc7 42. Qh7+ Kf8 =} 42. Qh7+ Kf6 43. a6
Qe2 $2 {Der entscheidende Fehler. Aber auch nach 43. ... Qg4 44. Qh6+ Ke7 +-
sieht es nicht gut aus für schwarz} 44. Qh6+ Ke7 45. Qg5+ Ke6 46. Qd5+ Kf6 47.
a7 Qe7 48. a8=R Rxa8 49. Qxa8 Qc7 50. Qf3+ Ke7 51. Re1+ Kd8 52. Qa8+ Qc8 53.
Re8+ Kxe8 54. Qxc8+ Ke7 55. h5 c3 56. Qxc3 {normal} 1-0

[Event "13. Online Aktivschach WM"]
[Site "Schachcomputer.info"]
[Date "2017.01.08"]
[Round "2.11"]
[White "Mephisto Milano Pro"]
[Black "Pewatronic Master Chess"]
[Result "1-0"]
[WhiteElo "2163"]
[BlackElo "2208"]
[PlyCount "127"]
[EventDate "2016.??.??"]

1. e4 c5 2. Nf3 e6 3. d4 cxd4 4. Nxd4 a6 5. Bd3 Bc5 6. Nb3 Ba7 7. O-O Nc6 8.
Qe2 Nge7 9. Be3 Bxe3 10. Qxe3 e5 11. c4 O-O 12. Rd1 d6 13. Nc3 Be6 14. c5 Nc8
15. Nd5 N6e7 16. Bc4 b5 17. Nxe7+ Qxe7 18. Bxe6 Qxe6 19. c6 Ne7 20. c7 d5 21.
Nc5 Qd6 22. exd5 Nf5 23. Qg5 Nd4 24. Ne4 Qxc7 25. d6 Qb7 26. Nf6+ Kh8 27. Qh4
h6 28. Qh5 gxf6 29. Rd3 Kg7 30. Rg3+ Kh7 31. Rh3 Ne2+ 32. Qxe2 Rg8 33. Qd3+ Rg6
34. Rg3 e4 35. Qd4 f5 36. Rxg6 fxg6 37. Rc1 Rd8 38. g4 Rd7 39. Qe5 e3 40. fxe3
Qf3 41. gxf5 gxf5 42. Rc7 Rxc7 43. dxc7 Qg4+ 44. Kf2 Qh4+ 45. Qg3 Qc4 46. Qf4
Qc5 47. b4 Qc2+ 48. Kg3 a5 49. Qd6 Qe4 50. Kf2 Qh4+ 51. Ke2 Qc4+ 52. Kd2 Qxa2+
53. Ke1 Qb1+ 54. Kf2 Qc2+ 55. Kg3 Qe4 56. Qf4 Qe6 57. bxa5 b4 58. a6 Kg6 59. a7
Qc6 60. e4 Qc3+ 61. Kh4 Qf6+ 62. Kh3 Qc3+ 63. Qg3+ Qxg3+ 64. Kxg3 1-0